Spoonerisms 1 Quiz Stats

 Plays Quiz not verified by Sporcle

Score 0/13 Timer 12:00
1 Play Today
Hint Sentence Spoonerism % Correct
'Damon's presence here is prohibited!'
yelled the Caped Crusader.
Matt Ban
92.5%
The sustained increase in children born to Communists
was found to originate in the sleeping chamber.
Red Boom
80%
'Death to bees!,'
yelled Roger while standing on the board meters above the pool.
Die, Hive!
67.5%
Female pigs wreak havoc
causing some nuns to break their sworn vocal behaviors. *
Sows of Violence
67.5%
People who use beads of sealant to waterproof frog relatives
may be distantly related to Navajos manning radios in WWII.
Toad Caulkers
57.5%
The brawl involving bards throwing their instruments
was visible in the burning glow.
Lyre Fight
47.5%
Having only cakes to offer,
the bakery released untrue statement after untrue statement. *
Lack of Pies
47.5%
'Meal, seal, wheel, ...'
was heard on the P.A. at the exact moment we were there.
Teal Rhyme
37.5%
'My beer stein's empty!,'
yelled the hovering insect.
Flagon, Dry!
37.5%
Sonar pings
were heard as the bridge player played a low card. *
Clicks of Subs
35%
Pre-recorded 'Well, I never!' messages
lay nearby the wrist restraints.
Canned Huffs
27.5%
A bier
was imagined by a mentally overwrought person.
Casket Base
25%
Auspicious Japanese fish hanging from a tree branch
mystified the drover.
Bough Koi
20%

You're not logged in!

Compare scores with friends on all Sporcle quizzes.
OR
Log In

Show Comments

Extras

Top Quizzes Today


Score Distribution

Your Account Isn't Verified!

In order to create a playlist on Sporcle, you need to verify the email address you used during registration. Go to your Sporcle Settings to finish the process.

Report this User

Report this user for behavior that violates our Community Guidelines.

Details: